00464nam a2200145 a 4500008004100000020001800041050001600059100001800075245012400093250001300217260004500230300002100275350001000296650001200306160516s2014 ||||||||||||||||| || u a9781292020631 aQC 21.3 You aYoung, Hugh D10aSears and Zemansky's University Physics with modern physics technology updatecBy Hugh D. Young [and] Roger A. Freedman a13th ed. aHarlow:bPearson Education Limitedc2014 avi, 1726p.: ill. a37.40 0aPHYSICS